Statistics for 30 Happiest Countries for Gay

Click here to take the quiz!

General Stats

  • This quiz has been taken 417 times
    (387 since last reset)
  • The average score is 24 of 30

Answer Stats

HintAnswer% Correct
Sweden
96%
Spain
95%
Canada
95%
Norway
95%
United Kingdom
94%
United States
94%
Denmark
93%
Netherlands
93%
Australia
93%
Germany
93%
Finland
93%
France
91%
Iceland
90%
New Zealand
89%
Belgium
88%
Ireland
88%
Austria
86%
Argentina
85%
Switzerland
84%
Mexico
83%
Luxembourg
80%
South Africa
70%
Malta
64%
Andorra
63%
Uruguay
63%
Israel
60%
Czech Republic
58%
Thailand
44%
Cuba
42%
Costa Rica
40%

Score Distribution

Percentile by Number Answered

Percent of People with Each Score

Your Score History

You have not taken this quiz since the last reset